000 00431nam a2200193Ia 4500
005 20240823040410.0
008 240823s9999||||xx |||||||||||||| ||und||
020 _a978-81-8368-613-6
041 _aTAMIL
082 _A158.2 P7
100 _aSolomon K Sibi
245 0 _aPirarai Purindhukolvoma
250 _a1st
260 _c2007
_bPr
500 _aDISPLAY
650 _aGeneral
_bGeneral
942 _cBK
999 _c203012
_d203012